006200000a22002170004500500002800000650002400028650002300052650001900075650001900094650001900113082002100132518001500153530000800168100002700176245009400203260002100297502005800318260000900376300000900385041000800394 aBibliography at the end aAmerican literature aLiterary criticism aAmerican novel aMorrison, Toni aThe Bluest Eye a813.09bK829ncD a2062-01-13 aDis aKoirala, Pashupati Raj aNegation of cultural values in Toni Morrison's the Bluest Eye; a postcolonial perspective aKathmandu, Nepal aDissertationbDegree in English, Tribhuvan University c2002 a80p. aEng